000 00758nam a2200265Ia 4500
003 OSt
005 20221006160231.0
006 a|||||r|||| 00| 0
007 ta
008 221006b |||||||| |||| 00| 0 eng d
020 _a9783843359849
_c4,554.00
024 _a44,697
037 _cTextual
040 _aEASL
_cEASL
_beng
041 _2eng
_aeng
082 _aP495,5:2Ot3, Q0
100 _aLEE Choonkyu
_9672565
245 0 _aRelative clause processing in korean adults
_b effects of constituent order and prosody
260 _aDeutschland
_bLambert academic publishing
_c2012
300 _a64p.
_ccm.
490 _v KEL
650 _aKEL
942 _hP495,5:2Ot3, Q0
_cTEXL
_2CC
999 _c1112789
_d1112789